Countries that start with H- Historical Mode - Statistics

General Stats
  • This quiz has been taken 23 times
  • The average score is 3 of 6
Answer Stats
Year Country Existed Country Name % Correct
Present Day Hungary
100%
Present Day Honduras
90%
Present Day Haiti
85%
1920's Ha'il
5%
1930's Hatay
0%
1920's Hejaz
0%
No matching quizzes found
Score Distribution
Percent of People with Each Score
Percentile by Number Answered
Your Score History
You have not taken this quiz